000 00954nam a2200253Ia 4500
001 18243
003 GE_BSU
008 181216s||||||||xx |||||||||||||| ||und||
020 _a9783468496554
040 _cGE_BSU
080 _a811.112
100 _aSchatz Heide,Eva-Maria Jenkins
245 _aFertigkeit Sprechen
260 _aMunchen
260 _bLangenscheidt
260 _c2006
300 _a208 pages,ill,30cm
541 _h74gel.
653 _aBibliographic information QR code for Fertigkeit Sprechen Fertigkeit Sprechen Cursos a distancia Fernstudienangebot Germanistik Volume 20 of Fernstudienangebot Series Fernstudienprojekt zur Fort- und Weiterbildung im Bereich Germanistik und Deutsch als Fremdsprache, Deutsches Institut für Fer
653 _aFertigkeit Sprechen
653 _aLanguage Arts & Disciplines › Study & Teaching
653 _aგერმანული ენა (გრამატიკა)
942 _cBK
999 _c51279
_d51279